000 00800cam a22002773a 4500
001 2011
003 PGUSA
005 20140828083009.0
008 991201s1999||||xxu|||||s|||||000 1 eng d
040 _aPGUSA
_beng
042 _adc
050 4 _aPS
100 1 _aStockton, Frank Richard,
_d1834-1902
245 1 0 _aRudder Grange
_h[electronic resource] /
_cFrank Richard Stockton
260 _bProject Gutenberg,
_c1999
506 _aPublic domain in the USA.
516 _aElectronic text
653 _aHousekeeping -- Fiction
653 _aCanal-boats -- Fiction
653 _aHumorous stories
653 _aHusband and wife -- Fiction
653 _aHousehold employees -- Fiction
830 0 _aProject Gutenberg
_v2011
856 4 0 _uhttp://www.gutenberg.org/ebooks/2011
942 _cEB
999 _c231350
_d231350